Statistiques concernant Classement P4P masculin de l'UFC

Cliquez ici pour prendre le quiz!

Statistiques générales

  • Ce quiz a été pris 778 fois
  • Le résultat moyen est 12 sur 16

Statistiques - réponses

HintSituationRéponse% Correct
#2CHAMPJon Jones
97%
#1CHAMPIslam Makhachev
88%
#8CHAMPSean O'Malley
86%
#4CHAMPAlex Pereira
83%
#3CHAMPLeon Edwards
83%
#7#1Alexander Volkanovski
82%
#6#1Charles Oliveira
78%
#5CHAMPIlia Topuria
77%
#11#2Israel Adesanya
76%
#9CHAMPDricus Du Plessis
67%
#10CHAMPAlexandre Pantoja
64%
#15#2Kamaru Usman
60%
#13#1Sean Strickland
60%
#12#1Tom Aspinall
58%
#14#2Max Holloway
52%
=#15#2Aljamain Sterling
47%

Distribution des résultats

Percentile par nombre de réponses

% des personnes avec chaque résultat

Votre développement - résultats

Vous n’avez pas pris ce quiz